| 000 | 00545nam a2200157 i 4500 | ||
|---|---|---|---|
| 001 | 184925 | ||
| 003 | ES-MaACL | ||
| 005 | 20230906222317.0 | ||
| 008 | 160219s1957 sp |||| | spa d | ||
| 100 | 1 |
_aMarti Gregori, Isidro. _9158825 |
|
| 245 | 1 | 3 |
_aLa gallina : _bcálculo y equilibrio de raciones alimenticias / _cIsidro Marti Gregori. |
| 260 |
_aValencia : _b[s.n.], _c1957 ( _fImp. Grupo Benéfico San Francisco Javier) |
||
| 300 |
_a151 p. : _bil. ; _c21 cm. |
||
| 650 | 0 | 4 |
_aGallinas- _xAlimentación. _913024 |
| 852 |
_aES-MaACL _jC-13630 |
||
| 999 |
_c184925 _d184925 |
||